Расчет параметров бесконтактного электродвигателя постоянного тока с печатной обмоткой на якоре для электромеханического исполнительного органа малого космического аппарата; Современные техника и технологии; Т. 1

Podrobná bibliografie
Parent link:Современные техника и технологии: сборник трудов XX международной научно-практической конференции студентов, аспирантов и молодых ученых, Томск, 14-18 апреля 2014 г./ Национальный исследовательский Томский политехнический университет (ТПУ).— , 2014
Т. 1.— 2014.— [С. 65-66]
Hlavní autor: Баландина Т. Н.
Korporativní autor: Национальный исследовательский Томский политехнический университет
Další autoři: Баландин Е. А. (научный руководитель), Дмитриев В. С. Виктор Степанович
Shrnutí:Заглавие с титульного экрана
Jazyk:ruština
Vydáno: 2014
Edice:Приборостроение
Témata:
On-line přístup:http://earchive.tpu.ru/handle/11683/20884
http://www.lib.tpu.ru/fulltext/c/2014/C01/V1/030.pdf
Médium: MixedMaterials Elektronický zdroj Kapitola
KOHA link:https://koha.lib.tpu.ru/cgi-bin/koha/opac-detail.pl?biblionumber=606481

MARC

LEADER 00000naa2a2200000 4500
001 606481
005 20251128150141.0
035 |a (RuTPU)RU\TPU\conf\3860 
035 |a RU\TPU\conf\3859 
090 |a 606481 
100 |a 20140530d2014 k y0rusy50 ca 
101 0 |a rus 
102 |a RU 
105 |a y z 101zy 
135 |a drcn ---uucaa 
181 0 |a i  
182 0 |a b 
200 1 |a Расчет параметров бесконтактного электродвигателя постоянного тока с печатной обмоткой на якоре для электромеханического исполнительного органа малого космического аппарата  |f Т. Н. Баландина, Е. А. Баландин  |g науч. рук. В. С. Дмитриев 
203 |a Текст  |c электронный 
225 1 |a Приборостроение 
300 |a Заглавие с титульного экрана 
320 |a [Библиогр.: с. 66 (3 назв.)] 
337 |a Adobe Reader 
461 1 |0 (RuTPU)RU\TPU\conf\3687  |t Современные техника и технологии  |o сборник трудов XX международной научно-практической конференции студентов, аспирантов и молодых ученых, Томск, 14-18 апреля 2014 г.  |o в 3 т.  |f Национальный исследовательский Томский политехнический университет (ТПУ)   |d 2014 
463 0 |0 (RuTPU)RU\TPU\conf\3688  |t Т. 1  |v [С. 65-66]  |d 2014 
610 1 |a труды учёных ТПУ 
610 1 |a электронный ресурс 
610 1 |a бесконтактные электродвигатели 
610 1 |a постоянный электрический ток 
610 1 |a печатные обмотки 
610 1 |a электромеханический исполнительный орган 
610 1 |a малые космические аппараты 
700 1 |a Баландина  |b Т. Н. 
701 1 |a Баландин  |b Е. А. 
702 1 |a Дмитриев  |b В. С.  |c специалист в области точного приборостроения  |c доктор технических наук, профессор Томского политехнического университета, зав. кафедрой точного приборостроения (ТПС) ЭФФ  |f 1940-  |g Виктор Степанович  |4 727 
712 0 2 |a Национальный исследовательский Томский политехнический университет  |c (2009- )  |9 26305 
801 2 |a RU  |b 63413507  |c 20210310  |g RCR 
856 4 |u http://earchive.tpu.ru/handle/11683/20884 
856 4 |u http://www.lib.tpu.ru/fulltext/c/2014/C01/V1/030.pdf 
942 |c BK